<?xml version="1.0" encoding="UTF-8"?>
<record
    xmlns:xsi="http://www.w3.org/2001/XMLSchema-instance"
    xsi:schemaLocation="http://www.loc.gov/MARC21/slim http://www.loc.gov/standards/marcxml/schema/MARC21slim.xsd"
    xmlns="http://www.loc.gov/MARC21/slim">

  <leader>00701nam a22002177a 4500</leader>
  <controlfield tag="003">OSt</controlfield>
  <controlfield tag="005">20260130161346.0</controlfield>
  <controlfield tag="008">260130b        |||||||| |||| 00| 0 eng d</controlfield>
  <datafield tag="020" ind1=" " ind2=" ">
    <subfield code="a">9789394907096</subfield>
  </datafield>
  <datafield tag="037" ind1=" " ind2=" ">
    <subfield code="a">6358</subfield>
    <subfield code="b">Bharati Madhyavarti Sahakari Grahak Bhandar Pune</subfield>
  </datafield>
  <datafield tag="040" ind1=" " ind2=" ">
    <subfield code="c">NLK</subfield>
  </datafield>
  <datafield tag="041" ind1=" " ind2=" ">
    <subfield code="a">Marathi</subfield>
  </datafield>
  <datafield tag="050" ind1=" " ind2=" ">
    <subfield code="a">342.54</subfield>
    <subfield code="b">CHA</subfield>
  </datafield>
  <datafield tag="100" ind1=" " ind2=" ">
    <subfield code="a">Choudhari Rajesh Ashok</subfield>
  </datafield>
  <datafield tag="245" ind1=" " ind2=" ">
    <subfield code="a">&#x92D;&#x93E;&#x930;&#x924;&#x93E;&#x91A;&#x947; &#x938;&#x902;&#x935;&#x93F;&#x927;&#x93E;&#x928; (&#x967;&#x966;&#x96C; &#x935;&#x94D;&#x92F;&#x93E; &#x938;&#x941;&#x927;&#x93E;&#x930;&#x923;&#x947;&#x92A;&#x930;&#x94D;&#x92F;&#x902;&#x924; &#x905;&#x926;&#x94D;&#x92F;&#x92F;&#x93E;&#x935;&#x924;): The Constitution of India</subfield>
  </datafield>
  <datafield tag="250" ind1=" " ind2=" ">
    <subfield code="a">18</subfield>
  </datafield>
  <datafield tag="260" ind1=" " ind2=" ">
    <subfield code="a">Pune</subfield>
    <subfield code="b">Choudhai Law Puplisher</subfield>
    <subfield code="c">2025</subfield>
  </datafield>
  <datafield tag="300" ind1=" " ind2=" ">
    <subfield code="a">420</subfield>
  </datafield>
  <datafield tag="650" ind1=" " ind2=" ">
    <subfield code="a">Constitution of India</subfield>
  </datafield>
  <datafield tag="942" ind1=" " ind2=" ">
    <subfield code="2">ddc</subfield>
    <subfield code="c">TB</subfield>
    <subfield code="n">0</subfield>
  </datafield>
  <datafield tag="999" ind1=" " ind2=" ">
    <subfield code="c">1215277</subfield>
    <subfield code="d">1215277</subfield>
  </datafield>
  <datafield tag="952" ind1=" " ind2=" ">
    <subfield code="0">0</subfield>
    <subfield code="1">0</subfield>
    <subfield code="2">ddc</subfield>
    <subfield code="4">0</subfield>
    <subfield code="7">0</subfield>
    <subfield code="a">NLK</subfield>
    <subfield code="b">NLK</subfield>
    <subfield code="c">Row -3/Rack -5/Shelf -B</subfield>
    <subfield code="d">2026-01-16</subfield>
    <subfield code="e">Bharati Madhyavarti Sahakari Grahak Bhandar Pune</subfield>
    <subfield code="g">440.00</subfield>
    <subfield code="l">2</subfield>
    <subfield code="o">342.54/CHA</subfield>
    <subfield code="p">NLK-9971</subfield>
    <subfield code="r">2026-04-17 00:00:00</subfield>
    <subfield code="s">2026-04-13</subfield>
    <subfield code="w">2026-01-30</subfield>
    <subfield code="y">TB</subfield>
  </datafield>
  <datafield tag="952" ind1=" " ind2=" ">
    <subfield code="0">0</subfield>
    <subfield code="1">0</subfield>
    <subfield code="2">ddc</subfield>
    <subfield code="4">0</subfield>
    <subfield code="7">0</subfield>
    <subfield code="a">NLK</subfield>
    <subfield code="b">NLK</subfield>
    <subfield code="c">Row -3/Rack -5/Shelf -B</subfield>
    <subfield code="d">2026-01-16</subfield>
    <subfield code="e">Bharati Madhyavarti Sahakari Grahak Bhandar Pune</subfield>
    <subfield code="g">440.00</subfield>
    <subfield code="l">0</subfield>
    <subfield code="o">342.54/CHA</subfield>
    <subfield code="p">NLK-9972</subfield>
    <subfield code="r">2026-01-30 00:00:00</subfield>
    <subfield code="w">2026-01-30</subfield>
    <subfield code="y">TB</subfield>
  </datafield>
  <datafield tag="952" ind1=" " ind2=" ">
    <subfield code="0">0</subfield>
    <subfield code="1">0</subfield>
    <subfield code="2">ddc</subfield>
    <subfield code="4">0</subfield>
    <subfield code="7">0</subfield>
    <subfield code="a">NLK</subfield>
    <subfield code="b">NLK</subfield>
    <subfield code="c">Row -3/Rack -5/Shelf -B</subfield>
    <subfield code="d">2026-01-16</subfield>
    <subfield code="e">Bharati Madhyavarti Sahakari Grahak Bhandar Pune</subfield>
    <subfield code="g">440.00</subfield>
    <subfield code="l">0</subfield>
    <subfield code="o">342.54/CHA</subfield>
    <subfield code="p">NLK-FYLC-1268</subfield>
    <subfield code="r">2026-02-05 00:00:00</subfield>
    <subfield code="w">2026-02-05</subfield>
    <subfield code="y">TB</subfield>
  </datafield>
  <datafield tag="952" ind1=" " ind2=" ">
    <subfield code="0">0</subfield>
    <subfield code="1">0</subfield>
    <subfield code="2">ddc</subfield>
    <subfield code="4">0</subfield>
    <subfield code="7">0</subfield>
    <subfield code="a">NLK</subfield>
    <subfield code="b">NLK</subfield>
    <subfield code="c">Row -3/Rack -5/Shelf -B</subfield>
    <subfield code="d">2026-01-16</subfield>
    <subfield code="e">Bharati Madhyavarti Sahakari Grahak Bhandar Pune</subfield>
    <subfield code="g">440.00</subfield>
    <subfield code="l">0</subfield>
    <subfield code="o">342.54/CHA</subfield>
    <subfield code="p">NLK-FYLC-1269</subfield>
    <subfield code="r">2026-02-05 00:00:00</subfield>
    <subfield code="w">2026-02-05</subfield>
    <subfield code="y">TB</subfield>
  </datafield>
</record>
